[Event "45th FIDE Chess Olympiad Open"]
[Site "Budapest, Hungary"]
[Date "2024.09.16"]
[Round "6"]
[White "Macovei, Andrei"]
[Black "Greet, Andrew N"]
[Result "0-1"]
[Board "89"]
[WhiteFideId "13904680"]
[BlackFideId "405817"]
[WhiteTitle "IM"]
[BlackTitle "IM"]
[WhiteElo "2464"]
[BlackElo "2405"]
[WhiteTeam "Moldova"]
[BlackTeam "Scotland"]
[WhiteClock "0:00:34"]
[BlackClock "0:01:23"]
[Variant "Standard"]

1. e4 {[%clk 1:30:52]}  c6 {[%clk 1:30:49]} 2. d4 {[%clk 1:28:32]}  d5 {[%clk 1:31:08]} 3. e5 {[%clk 1:26:46]}  Bf5 {[%clk 1:31:27]} 4. Nf3 {[%clk 1:25:22]}  e6 {[%clk 1:31:48]} 5. Be2 {[%clk 1:25:45]}  Nd7 {[%clk 1:32:05]} 6. Nbd2 {[%clk 1:25:58]}  h6 {[%clk 1:13:00]} 7. O-O {[%clk 1:22:48]}  Ne7 {[%clk 1:13:08]} 8. c3 {[%clk 1:21:11]}  c5 {[%clk 1:07:03]} 9. dxc5 {[%clk 1:19:15]}  Nc6 {[%clk 1:06:57]} 10. Nd4 {[%clk 1:10:46]}  Bh7 {[%clk 0:57:43]} 11. f4 {[%clk 0:53:01]}  Bxc5 {[%clk 0:57:14]} 12. N2f3 {[%clk 0:40:38]}  Be4 {[%clk 0:46:58]} 13. Be3 {[%clk 0:40:22]}  f5 {[%clk 0:38:29]} 14. Nd2 {[%clk 0:34:34]}  Bxd4 {[%clk 0:29:13]} 15. cxd4 {[%clk 0:30:00]}  Nb6 {[%clk 0:25:41]} 16. Qb3 {[%clk 0:18:14]}  Qd7 {[%clk 0:24:34]} 17. a4 {[%clk 0:17:03]}  Kf7 {[%clk 0:17:00]} 18. a5 {[%clk 0:17:01]}  Nc8 {[%clk 0:14:11]} 19. Qa3 {[%clk 0:13:54]}  N8e7 {[%clk 0:10:37]} 20. b4 {[%clk 0:14:02]}  a6 {[%clk 0:05:17]} 21. Nb3 {[%clk 0:14:25]}  Rab8 {[%clk 0:05:06]} 22. Nc5 {[%clk 0:14:41]}  Qe8 {[%clk 0:05:03]} 23. b5 {[%clk 0:13:06]}  axb5 {[%clk 0:05:24]} 24. Bxb5 {[%clk 0:13:25]}  g5 {[%clk 0:05:31]} 25. Qb3 {[%clk 0:06:03]}  Rg8 {[%clk 0:03:22]} 26. fxg5 {[%clk 0:05:58]}  hxg5 {[%clk 0:03:47]} 27. Nxe4 {[%clk 0:06:16]}  dxe4 {[%clk 0:04:14]} 28. Bc4 {[%clk 0:06:34]}  Qd7 {[%clk 0:04:07]} 29. Kh1 {[%clk 0:00:51]}  Rg6 {[%clk 0:04:21]} 30. g4 {[%clk 0:00:34]}  f4 {[%clk 0:03:27]} 31. Bxf4 {[%clk 0:00:52]}  gxf4 {[%clk 0:03:33]} 32. Rxf4+ {[%clk 0:01:21]}  Kg8 {[%clk 0:03:02]} 33. Raf1 {[%clk 0:00:35]}  Nxd4 {[%clk 0:01:44]} 34. Qh3 {[%clk 0:00:40]}  Nf3 {[%clk 0:01:48]} 35. Be2 {[%clk 0:00:45]}  Qd2 {[%clk 0:01:17]} 36. Rxe4 {[%clk 0:00:46]}  Ng5 {[%clk 0:01:37]} 37. Qa3 {[%clk 0:00:46]}  Nxe4 {[%clk 0:01:39]} 38. Qxe7 {[%clk 0:00:35]}  Qxe2 {[%clk 0:01:26]} 39. Qf7+ {[%clk 0:00:59]}  Kh8 {[%clk 0:01:54]} 40. Rf3 {[%clk 0:00:34]}  Ng5 {[%clk 0:01:23]} 0-1

[Event "45th FIDE Chess Olympiad Open"]
[Site "Budapest, Hungary"]
[Date "2024.09.16"]
[Round "6"]
[White "Lokander, Martin"]
[Black "Ahmed, Fareed"]
[Result "1-0"]
[Board "111"]
[WhiteFideId "1709569"]
[BlackFideId "9303677"]
[WhiteTitle "IM"]
[BlackTitle "FM"]
[WhiteElo "2469"]
[BlackElo "2061"]
[WhiteTeam "Sweden"]
[BlackTeam "United Arab Emirates"]
[WhiteClock "1:01:08"]
[BlackClock "0:21:08"]
[Variant "Standard"]

1. d4 {[%clk 1:30:55]}  Nf6 {[%clk 1:29:36]} 2. c4 {[%clk 1:31:11]}  e6 {[%clk 1:29:52]} 3. Nc3 {[%clk 1:31:30]}  Bb4 {[%clk 1:30:09]} 4. e3 {[%clk 1:31:40]}  c5 {[%clk 1:30:18]} 5. Nge2 {[%clk 1:31:41]}  cxd4 {[%clk 1:24:53]} 6. exd4 {[%clk 1:32:05]}  d5 {[%clk 1:25:05]} 7. c5 {[%clk 1:32:29]}  Ne4 {[%clk 1:20:53]} 8. a3 {[%clk 1:31:02]}  Nxc3 {[%clk 1:18:14]} 9. Nxc3 {[%clk 1:31:14]}  Bxc3+ {[%clk 1:18:40]} 10. bxc3 {[%clk 1:31:39]}  O-O {[%clk 1:17:26]} 11. Bd3 {[%clk 1:31:49]}  b6 {[%clk 1:04:20]} 12. Qh5 {[%clk 1:31:54]}  g6 {[%clk 1:03:04]} 13. Qh6 {[%clk 1:31:10]}  Ba6 {[%clk 0:58:07]} 14. Bxa6 {[%clk 1:21:20]}  Nxa6 {[%clk 0:56:35]} 15. h4 {[%clk 1:17:44]}  bxc5 {[%clk 0:40:26]} 16. h5 {[%clk 1:17:28]}  Qf6 {[%clk 0:38:03]} 17. Rh3 {[%clk 1:11:48]}  cxd4 {[%clk 0:26:43]} 18. hxg6 {[%clk 1:11:16]}  Qxg6 {[%clk 0:27:09]} 19. Rg3 {[%clk 1:11:19]}  dxc3 {[%clk 0:27:34]} 20. Bf4 {[%clk 1:04:56]}  Nc5 {[%clk 0:24:28]} 21. Bd6 {[%clk 1:02:22]}  Rfc8 {[%clk 0:23:30]} 22. Rxg6+ {[%clk 1:01:40]}  fxg6 {[%clk 0:23:03]} 23. Ke2 {[%clk 1:00:49]}  a5 {[%clk 0:21:02]} 24. Rh1 {[%clk 1:00:51]}  Ra7 {[%clk 0:21:08]} 25. Qe3 {[%clk 1:01:08]} 1-0

[Event "45th FIDE Chess Olympiad Open"]
[Site "Budapest, Hungary"]
[Date "2024.09.16"]
[Round "6"]
[White "Kantor, Gergely"]
[Black "Laohawirapap, Prin"]
[Result "1-0"]
[Board "141"]
[WhiteFideId "751499"]
[BlackFideId "6205003"]
[WhiteTitle "GM"]
[BlackTitle "IM"]
[WhiteElo "2537"]
[BlackElo "2380"]
[WhiteTeam "Hungary C"]
[BlackTeam "Thailand"]
[WhiteClock "0:03:15"]
[BlackClock "0:01:09"]
[Variant "Standard"]

1. d4 {[%clk 1:30:58]}  Nf6 {[%clk 1:30:49]} 2. c4 {[%clk 1:31:26]}  e6 {[%clk 1:31:09]} 3. Nf3 {[%clk 1:29:47]}  d5 {[%clk 1:31:28]} 4. Nc3 {[%clk 1:29:48]}  c6 {[%clk 1:31:48]} 5. g3 {[%clk 1:25:20]}  dxc4 {[%clk 1:28:59]} 6. Ne5 {[%clk 1:21:50]}  b5 {[%clk 1:23:37]} 7. Bg2 {[%clk 1:21:27]}  Nd5 {[%clk 1:22:48]} 8. O-O {[%clk 1:15:59]}  Bb7 {[%clk 1:19:59]} 9. a4 {[%clk 1:13:58]}  a6 {[%clk 1:17:49]} 10. e4 {[%clk 1:06:30]}  Nxc3 {[%clk 1:11:54]} 11. bxc3 {[%clk 1:05:45]}  Nd7 {[%clk 1:08:29]} 12. f4 {[%clk 1:03:29]}  Be7 {[%clk 1:04:26]} 13. Ng4 {[%clk 0:55:16]}  O-O {[%clk 0:40:28]} 14. f5 {[%clk 0:49:55]}  Kh8 {[%clk 0:37:33]} 15. e5 {[%clk 0:43:56]}  exf5 {[%clk 0:34:44]} 16. Rxf5 {[%clk 0:40:20]}  f6 {[%clk 0:28:58]} 17. Qc2 {[%clk 0:25:55]}  g6 {[%clk 0:27:21]} 18. Rf1 {[%clk 0:23:59]}  f5 {[%clk 0:27:03]} 19. Nh6 {[%clk 0:23:47]}  Kg7 {[%clk 0:20:36]} 20. e6 {[%clk 0:21:00]}  Nf6 {[%clk 0:21:00]} 21. Nf7 {[%clk 0:19:30]}  Rxf7 {[%clk 0:20:49]} 22. exf7 {[%clk 0:19:55]}  Kxf7 {[%clk 0:21:02]} 23. Bg5 {[%clk 0:18:56]}  Qd7 {[%clk 0:20:20]} 24. Rae1 {[%clk 0:16:56]}  Re8 {[%clk 0:19:18]} 25. Qd2 {[%clk 0:11:33]}  a5 {[%clk 0:09:00]} 26. h3 {[%clk 0:10:03]}  b4 {[%clk 0:08:58]} 27. g4 {[%clk 0:08:29]}  bxc3 {[%clk 0:05:23]} 28. Qxc3 {[%clk 0:08:24]}  Nd5 {[%clk 0:04:29]} 29. Qc1 {[%clk 0:05:44]}  Bxg5 {[%clk 0:02:58]} 30. Qxg5 {[%clk 0:06:11]}  Ne3 {[%clk 0:03:17]} 31. Rxe3 {[%clk 0:04:55]}  Qxd4 {[%clk 0:03:39]} 32. Rff3 {[%clk 0:04:39]}  c5 {[%clk 0:03:37]} 33. Rxf5+ {[%clk 0:03:49]}  gxf5 {[%clk 0:00:53]} 34. Qh5+ {[%clk 0:04:12]}  Kg7 {[%clk 0:01:18]} 35. Qxe8 {[%clk 0:04:21]}  Be4 {[%clk 0:00:36]} 36. Qe7+ {[%clk 0:04:21]}  Kh6 {[%clk 0:00:36]} 37. Qh4+ {[%clk 0:04:13]}  Kg7 {[%clk 0:00:45]} 38. Qg5+ {[%clk 0:04:22]}  Kh8 {[%clk 0:01:09]} 39. gxf5 {[%clk 0:03:15]} 1-0

[Event "45th FIDE Chess Olympiad Open"]
[Site "Budapest, Hungary"]
[Date "2024.09.16"]
[Round "6"]
[White "Chashawa, Shaief"]
[Black "Shaw, Jaden"]
[Result "0-1"]
[Board "248"]
[WhiteFideId "8201510"]
[BlackFideId "7402880"]
[BlackTitle "FM"]
[WhiteElo "1825"]
[BlackElo "2051"]
[WhiteTeam "Suriname"]
[BlackTeam "Jamaica"]
[WhiteClock "0:04:43"]
[BlackClock "0:56:56"]
[Variant "Standard"]

1. e4 {[%clk 1:30:54]}  e6 {[%clk 1:30:02]} 2. d4 {[%clk 1:30:59]}  d5 {[%clk 1:29:36]} 3. Nc3 {[%clk 1:29:34]}  Bb4 {[%clk 1:29:36]} 4. e5 {[%clk 1:29:22]}  c5 {[%clk 1:29:05]} 5. a3 {[%clk 1:28:51]}  Bxc3+ {[%clk 1:28:54]} 6. bxc3 {[%clk 1:29:16]}  Qa5 {[%clk 1:29:12]} 7. Qg4 {[%clk 1:21:03]}  Qxc3+ {[%clk 1:27:51]} 8. Kd1 {[%clk 1:21:27]}  Ne7 {[%clk 1:16:36]} 9. Rb1 {[%clk 1:16:29]}  Qxd4+ {[%clk 1:16:38]} 10. Qxd4 {[%clk 1:16:43]}  cxd4 {[%clk 1:17:04]} 11. Nf3 {[%clk 1:16:03]}  Nbc6 {[%clk 1:16:31]} 12. Bb2 {[%clk 1:14:55]}  Ng6 {[%clk 1:13:09]} 13. Bb5 {[%clk 1:15:11]}  Bd7 {[%clk 1:08:32]} 14. Bxc6 {[%clk 1:14:08]}  Bxc6 {[%clk 1:08:35]} 15. Bxd4 {[%clk 1:14:31]}  O-O {[%clk 1:07:23]} 16. h4 {[%clk 1:07:07]}  Rfc8 {[%clk 1:04:33]} 17. h5 {[%clk 0:58:58]}  Ne7 {[%clk 1:04:46]} 18. Bc5 {[%clk 0:26:58]}  Nf5 {[%clk 1:01:10]} 19. Rb2 {[%clk 0:09:08]}  d4 {[%clk 0:58:29]} 20. Bb4 {[%clk 0:06:17]}  Bxf3+ {[%clk 0:57:01]} 21. gxf3 {[%clk 0:06:45]}  Rc6 {[%clk 0:56:56]} 22. f4 {[%clk 0:04:43]} 0-1

[Event "45th FIDE Chess Olympiad Open"]
[Site "Budapest, Hungary"]
[Date "2024.09.18"]
[Round "7"]
[White "Mastrovasilis, Dimitrios"]
[Black "Dominguez Perez, Leinier"]
[Result "0-1"]
[Board "31"]
[WhiteFideId "4202694"]
[BlackFideId "3503240"]
[WhiteTitle "GM"]
[BlackTitle "GM"]
[WhiteElo "2550"]
[BlackElo "2748"]
[WhiteTeam "Greece"]
[BlackTeam "United States of America"]
[WhiteClock "0:02:16"]
[BlackClock "0:24:01"]
[Variant "Standard"]

1. e4 {[%clk 1:30:53]}  c5 {[%clk 1:30:48]} 2. Nf3 {[%clk 1:31:09]}  d6 {[%clk 1:31:14]} 3. Bb5+ {[%clk 1:31:21]}  Nd7 {[%clk 1:29:21]} 4. d4 {[%clk 1:31:27]}  cxd4 {[%clk 1:29:01]} 5. Nxd4 {[%clk 1:31:40]}  Ngf6 {[%clk 1:29:05]} 6. O-O {[%clk 1:31:19]}  a6 {[%clk 1:28:59]} 7. Bd3 {[%clk 1:31:19]}  Nc5 {[%clk 1:28:32]} 8. Nc3 {[%clk 1:31:11]}  e6 {[%clk 1:28:31]} 9. a4 {[%clk 1:29:44]}  Be7 {[%clk 1:28:07]} 10. Re1 {[%clk 1:21:52]}  O-O {[%clk 1:23:34]} 11. Bf1 {[%clk 1:12:28]}  Qc7 {[%clk 1:20:44]} 12. a5 {[%clk 1:10:09]}  b5 {[%clk 1:19:39]} 13. axb6 {[%clk 1:07:21]}  Qxb6 {[%clk 1:20:06]} 14. b4 {[%clk 0:46:50]}  Ncd7 {[%clk 1:20:24]} 15. b5 {[%clk 0:35:59]}  Bb7 {[%clk 1:17:18]} 16. Be3 {[%clk 0:33:54]}  Qc7 {[%clk 0:57:22]} 17. bxa6 {[%clk 0:33:38]}  Bxa6 {[%clk 0:57:48]} 18. Bxa6 {[%clk 0:21:45]}  Qxc3 {[%clk 0:58:10]} 19. f3 {[%clk 0:14:17]}  d5 {[%clk 0:50:44]} 20. exd5 {[%clk 0:13:54]}  Nxd5 {[%clk 0:51:08]} 21. Bf2 {[%clk 0:14:12]}  Bb4 {[%clk 0:51:00]} 22. Bb5 {[%clk 0:08:25]}  N7f6 {[%clk 0:49:49]} 23. Rxa8 {[%clk 0:05:51]}  Rxa8 {[%clk 0:50:16]} 24. Qe2 {[%clk 0:05:02]}  Bc5 {[%clk 0:29:06]} 25. Qd3 {[%clk 0:03:04]}  Qb2 {[%clk 0:24:21]} 26. Bc6 {[%clk 0:02:08]}  Ra1 {[%clk 0:22:46]} 27. Rd1 {[%clk 0:01:29]}  Nb4 {[%clk 0:22:40]} 28. Qf1 {[%clk 0:01:26]}  Rxd1 {[%clk 0:22:53]} 29. Qxd1 {[%clk 0:01:49]}  Nxc6 {[%clk 0:23:11]} 30. Nxc6 {[%clk 0:01:51]}  Bxf2+ {[%clk 0:23:36]} 31. Kxf2 {[%clk 0:02:16]}  Qb6+ {[%clk 0:24:01]} 0-1

[Event "45th FIDE Chess Olympiad Open"]
[Site "Budapest, Hungary"]
[Date "2024.09.18"]
[Round "7"]
[White "Urkedal, Frode Olav Olsen"]
[Black "Baidetskyi, Valentin"]
[Result "1-0"]
[Board "36"]
[WhiteFideId "1506102"]
[BlackFideId "14142317"]
[WhiteTitle "GM"]
[BlackTitle "IM"]
[WhiteElo "2546"]
[BlackElo "2512"]
[WhiteTeam "Norway"]
[BlackTeam "Austria"]
[WhiteClock "0:13:33"]
[BlackClock "0:00:43"]
[Variant "Standard"]

1. d4 {[%clk 1:30:58]}  Nf6 {[%clk 1:30:49]} 2. c4 {[%clk 1:31:23]}  e6 {[%clk 1:31:15]} 3. g3 {[%clk 1:31:43]}  d5 {[%clk 1:31:24]} 4. Bg2 {[%clk 1:32:04]}  Bb4+ {[%clk 1:31:37]} 5. Nd2 {[%clk 1:32:15]}  O-O {[%clk 1:31:11]} 6. Ngf3 {[%clk 1:32:28]}  b6 {[%clk 1:27:48]} 7. O-O {[%clk 1:30:01]}  Bb7 {[%clk 1:27:33]} 8. b3 {[%clk 1:28:38]}  Nbd7 {[%clk 1:08:56]} 9. Bb2 {[%clk 1:28:56]}  a5 {[%clk 1:04:02]} 10. Qc2 {[%clk 1:28:27]}  a4 {[%clk 0:49:01]} 11. bxa4 {[%clk 1:22:38]}  Ra7 {[%clk 0:42:42]} 12. cxd5 {[%clk 1:14:43]}  exd5 {[%clk 0:42:26]} 13. Rfc1 {[%clk 1:13:55]}  Bd6 {[%clk 0:34:05]} 14. Bc3 {[%clk 1:11:50]}  Re8 {[%clk 0:30:00]} 15. e3 {[%clk 1:10:33]}  Qe7 {[%clk 0:20:02]} 16. a5 {[%clk 1:06:15]}  b5 {[%clk 0:18:14]} 17. Nb3 {[%clk 1:05:31]}  Ne4 {[%clk 0:18:23]} 18. Bb2 {[%clk 1:02:44]}  c6 {[%clk 0:18:17]} 19. Ne1 {[%clk 0:53:13]}  h5 {[%clk 0:15:43]} 20. Nd3 {[%clk 0:49:30]}  h4 {[%clk 0:15:17]} 21. a3 {[%clk 0:41:00]}  hxg3 {[%clk 0:14:44]} 22. hxg3 {[%clk 0:41:28]}  Qg5 {[%clk 0:14:12]} 23. Re1 {[%clk 0:37:40]}  Re6 {[%clk 0:11:35]} 24. Ne5 {[%clk 0:30:59]}  Rh6 {[%clk 0:04:19]} 25. Nxd7 {[%clk 0:28:46]}  Bxg3 {[%clk 0:04:40]} 26. fxg3 {[%clk 0:28:14]}  Qxg3 {[%clk 0:05:01]} 27. Nbc5 {[%clk 0:27:28]}  Qh2+ {[%clk 0:04:33]} 28. Kf1 {[%clk 0:27:57]}  Ng3+ {[%clk 0:02:02]} 29. Kf2 {[%clk 0:28:22]}  Rg6 {[%clk 0:01:44]} 30. Qxg6 {[%clk 0:23:22]}  fxg6 {[%clk 0:02:10]} 31. Rh1 {[%clk 0:23:39]}  Nxh1+ {[%clk 0:02:35]} 32. Rxh1 {[%clk 0:24:06]}  Qd6 {[%clk 0:01:16]} 33. Bh3 {[%clk 0:24:35]}  Kf7 {[%clk 0:01:23]} 34. Be6+ {[%clk 0:24:25]}  Ke7 {[%clk 0:01:48]} 35. Bc1 {[%clk 0:24:52]}  Kd8 {[%clk 0:01:26]} 36. Ne5 {[%clk 0:13:50]}  Kc7 {[%clk 0:00:44]} 37. Nf7 {[%clk 0:13:54]}  Qe7 {[%clk 0:00:45]} 38. e4 {[%clk 0:13:59]}  Rxa5 {[%clk 0:00:33]} 39. Bg5 {[%clk 0:12:43]}  Qe8 {[%clk 0:01:02]} 40. Bd8+ {[%clk 0:12:47]}  Kb8 {[%clk 0:00:52]} 41. Bxa5 {[%clk 0:13:09]}  Ka7 {[%clk 0:00:43]} 42. Rh8 {[%clk 0:13:33]} 1-0

[Event "45th FIDE Chess Olympiad Open"]
[Site "Budapest, Hungary"]
[Date "2024.09.18"]
[Round "7"]
[White "Grandelius, Nils"]
[Black "Keymer, Vincent"]
[Result "1/2-1/2"]
[Board "41"]
[WhiteFideId "1710400"]
[BlackFideId "12940690"]
[WhiteTitle "GM"]
[BlackTitle "GM"]
[WhiteElo "2653"]
[BlackElo "2730"]
[WhiteTeam "Sweden"]
[BlackTeam "Germany"]
[WhiteClock "0:31:16"]
[BlackClock "0:33:41"]
[Variant "Standard"]

1. e4 {[%clk 1:30:38]}  c5 {[%clk 1:30:56]} 2. Nf3 {[%clk 1:30:08]}  d6 {[%clk 1:31:23]} 3. Bb5+ {[%clk 1:29:25]}  Nd7 {[%clk 1:31:49]} 4. O-O {[%clk 1:28:50]}  a6 {[%clk 1:32:10]} 5. Bd3 {[%clk 1:29:06]}  Ngf6 {[%clk 1:32:05]} 6. c3 {[%clk 1:29:09]}  b5 {[%clk 1:25:38]} 7. Bc2 {[%clk 1:28:32]}  Bb7 {[%clk 1:21:22]} 8. Re1 {[%clk 1:28:36]}  c4 {[%clk 1:15:33]} 9. a4 {[%clk 1:24:13]}  e6 {[%clk 1:12:23]} 10. axb5 {[%clk 1:23:50]}  axb5 {[%clk 1:12:47]} 11. Rxa8 {[%clk 1:24:12]}  Qxa8 {[%clk 1:07:51]} 12. Na3 {[%clk 1:23:24]}  Bxe4 {[%clk 0:55:09]} 13. Bxe4 {[%clk 1:21:11]}  Nxe4 {[%clk 0:55:37]} 14. d3 {[%clk 1:21:16]}  cxd3 {[%clk 0:53:05]} 15. Nxb5 {[%clk 1:21:12]}  Qb7 {[%clk 0:27:23]} 16. c4 {[%clk 1:20:34]}  d5 {[%clk 0:27:07]} 17. cxd5 {[%clk 1:19:18]}  exd5 {[%clk 0:21:38]} 18. Qb3 {[%clk 1:17:13]}  Ndc5 {[%clk 0:20:04]} 19. Qxd5 {[%clk 1:15:45]}  Qxd5 {[%clk 0:20:20]} 20. Nc7+ {[%clk 1:16:10]}  Kd7 {[%clk 0:17:03]} 21. Nxd5 {[%clk 1:16:32]}  Bd6 {[%clk 0:13:17]} 22. b4 {[%clk 0:52:46]}  Nb3 {[%clk 0:13:43]} 23. Rxe4 {[%clk 0:52:54]}  Nxc1 {[%clk 0:14:08]} 24. Re1 {[%clk 0:52:23]}  Ne2+ {[%clk 0:12:15]} 25. Kf1 {[%clk 0:50:07]}  Ke6 {[%clk 0:04:54]} 26. Rd1 {[%clk 0:47:20]}  Kxd5 {[%clk 0:05:20]} 27. Rxd3+ {[%clk 0:47:43]}  Kc6 {[%clk 0:05:44]} 28. b5+ {[%clk 0:42:06]}  Kc5 {[%clk 0:06:10]} 29. Kxe2 {[%clk 0:41:03]}  Re8+ {[%clk 0:05:44]} 30. Kf1 {[%clk 0:33:33]}  f6 {[%clk 0:04:48]} 31. g3 {[%clk 0:26:35]}  Bf8 {[%clk 0:03:01]} 32. Nd4 {[%clk 0:13:07]}  g6 {[%clk 0:01:17]} 33. Re3 {[%clk 0:10:54]}  Rxe3 {[%clk 0:01:17]} 34. fxe3 {[%clk 0:11:23]}  Bd6 {[%clk 0:01:15]} 35. Ke2 {[%clk 0:09:43]}  Be5 {[%clk 0:01:27]} 36. Ne6+ {[%clk 0:04:34]}  Kxb5 {[%clk 0:01:54]} 37. Nf8 {[%clk 0:04:59]}  Bd6 {[%clk 0:02:19]} 38. Nxh7 {[%clk 0:05:26]}  Be7 {[%clk 0:02:46]} 39. Kf3 {[%clk 0:03:35]}  Kc6 {[%clk 0:03:06]} 40. g4 {[%clk 0:02:26]}  Kd5 {[%clk 0:02:49]} 41. h4 {[%clk 0:02:04]}  Ke6 {[%clk 0:01:45]} 42. e4 {[%clk 0:00:37]}  Ke5 {[%clk 0:00:48]} 43. Ke3 {[%clk 0:27:56]}  Bc5+ {[%clk 0:31:04]} 44. Kf3 {[%clk 0:28:15]}  Be7 {[%clk 0:31:29]} 45. g5 {[%clk 0:28:38]}  f5 {[%clk 0:31:34]} 46. exf5 {[%clk 0:28:38]}  Kxf5 {[%clk 0:31:59]} 47. Nf6 {[%clk 0:29:28]}  Bxf6 {[%clk 0:32:25]} 48. gxf6 {[%clk 0:29:56]}  Kxf6 {[%clk 0:32:50]} 49. Kg4 {[%clk 0:30:23]}  Kg7 {[%clk 0:33:15]} 50. h5 {[%clk 0:30:50]}  gxh5+ {[%clk 0:33:41]} 51. Kxh5 {[%clk 0:31:16]} 1/2-1/2

[Event "45th FIDE Chess Olympiad Open"]
[Site "Budapest, Hungary"]
[Date "2024.09.18"]
[Round "7"]
[White "Sosa, Tomas"]
[Black "Wartiovaara, Oliver"]
[Result "1-0"]
[Board "88"]
[WhiteFideId "121576"]
[BlackFideId "513024"]
[WhiteTitle "GM"]
[BlackTitle "FM"]
[WhiteElo "2515"]
[BlackElo "2300"]
[WhiteTeam "Argentina"]
[BlackTeam "Finland"]
[WhiteClock "0:23:12"]
[BlackClock "0:13:22"]
[Variant "Standard"]

1. e4 {[%clk 1:30:57]}  c5 {[%clk 1:30:55]} 2. Nc3 {[%clk 1:31:23]}  d6 {[%clk 1:31:22]} 3. Nf3 {[%clk 1:31:50]}  a6 {[%clk 1:31:28]} 4. g3 {[%clk 1:32:09]}  e5 {[%clk 1:31:45]} 5. Bg2 {[%clk 1:31:27]}  Nc6 {[%clk 1:31:25]} 6. O-O {[%clk 1:30:09]}  g6 {[%clk 1:29:41]} 7. Nd5 {[%clk 1:15:49]}  Bg7 {[%clk 1:28:22]} 8. c3 {[%clk 1:15:15]}  Nge7 {[%clk 1:21:49]} 9. d4 {[%clk 1:14:18]}  exd4 {[%clk 1:20:12]} 10. Bg5 {[%clk 1:00:31]}  h6 {[%clk 1:18:07]} 11. Bf6 {[%clk 1:00:08]}  O-O {[%clk 1:17:56]} 12. Nxe7+ {[%clk 0:51:49]}  Nxe7 {[%clk 1:18:20]} 13. Bxg7 {[%clk 0:52:16]}  Kxg7 {[%clk 1:18:45]} 14. cxd4 {[%clk 0:52:43]}  Bg4 {[%clk 1:15:30]} 15. dxc5 {[%clk 0:47:58]}  dxc5 {[%clk 1:15:24]} 16. Qc2 {[%clk 0:48:20]}  b6 {[%clk 0:58:01]} 17. Qc3+ {[%clk 0:42:30]}  Kh7 {[%clk 0:50:54]} 18. Ne5 {[%clk 0:41:50]}  Be6 {[%clk 0:50:31]} 19. f4 {[%clk 0:39:05]}  f6 {[%clk 0:40:43]} 20. Rad1 {[%clk 0:37:59]}  Qc7 {[%clk 0:38:20]} 21. Nxg6 {[%clk 0:37:11]}  Nxg6 {[%clk 0:38:44]} 22. f5 {[%clk 0:37:38]}  Rae8 {[%clk 0:38:36]} 23. Bh3 {[%clk 0:32:05]}  Bc8 {[%clk 0:37:17]} 24. fxg6+ {[%clk 0:32:03]}  Kxg6 {[%clk 0:37:44]} 25. Bxc8 {[%clk 0:30:21]}  Qxc8 {[%clk 0:37:24]} 26. Rf4 {[%clk 0:27:43]}  Qe6 {[%clk 0:36:10]} 27. Rd5 {[%clk 0:27:08]}  Kg7 {[%clk 0:21:12]} 28. Qd2 {[%clk 0:26:39]}  Re7 {[%clk 0:16:01]} 29. Rd6 {[%clk 0:25:21]}  Qe5 {[%clk 0:11:46]} 30. Rg4+ {[%clk 0:25:20]}  Kf7 {[%clk 0:12:02]} 31. Rh4 {[%clk 0:17:50]}  Qg5 {[%clk 0:10:40]} 32. Rf4 {[%clk 0:12:44]}  Re6 {[%clk 0:09:16]} 33. Rd5 {[%clk 0:10:26]}  Re5 {[%clk 0:08:03]} 34. Rd7+ {[%clk 0:07:33]}  Re7 {[%clk 0:08:01]} 35. Qd6 {[%clk 0:07:48]}  Rfe8 {[%clk 0:07:28]} 36. e5 {[%clk 0:06:20]}  f5 {[%clk 0:06:33]} 37. Qd3 {[%clk 0:06:36]}  Kg6 {[%clk 0:05:34]} 38. Rd6+ {[%clk 0:06:38]}  Kg7 {[%clk 0:05:14]} 39. Rxf5 {[%clk 0:05:53]}  Qc1+ {[%clk 0:05:09]} 40. Rf1 {[%clk 0:06:15]}  Qg5 {[%clk 0:05:32]} 41. Rf5 {[%clk 0:23:16]}  Qc1+ {[%clk 0:35:05]} 42. Kg2 {[%clk 0:23:23]}  Qxb2+ {[%clk 0:25:20]} 43. Kh3 {[%clk 0:22:26]}  Qxa2 {[%clk 0:14:11]} 44. Rg6+ {[%clk 0:22:10]}  Kh8 {[%clk 0:12:41]} 45. Rxh6+ {[%clk 0:22:20]}  Kg8 {[%clk 0:13:07]} 46. Rg5+ {[%clk 0:22:46]}  Rg7 {[%clk 0:13:22]} 47. Qh7+ {[%clk 0:23:12]} 1-0

[Event "45th FIDE Chess Olympiad Open"]
[Site "Budapest, Hungary"]
[Date "2024.09.19"]
[Round "8"]
[White "Maghsoodloo, Parham"]
[Black "Gukesh D"]
[Result "0-1"]
[Board "1"]
[WhiteFideId "12539929"]
[BlackFideId "46616543"]
[WhiteTitle "GM"]
[BlackTitle "GM"]
[WhiteElo "2723"]
[BlackElo "2764"]
[WhiteTeam "Iran"]
[BlackTeam "India"]
[WhiteClock "0:01:12"]
[BlackClock "0:02:42"]
[Variant "Standard"]

1. d4 {[%clk 1:30:57]}  d5 {[%clk 1:30:52]} 2. c4 {[%clk 1:28:34]}  e6 {[%clk 1:31:15]} 3. Nc3 {[%clk 1:26:54]}  c5 {[%clk 1:31:39]} 4. cxd5 {[%clk 1:27:13]}  exd5 {[%clk 1:32:03]} 5. Nf3 {[%clk 1:26:19]}  Nf6 {[%clk 1:32:25]} 6. g3 {[%clk 1:23:47]}  Nc6 {[%clk 1:32:47]} 7. Bg2 {[%clk 1:24:14]}  cxd4 {[%clk 1:32:56]} 8. Nxd4 {[%clk 1:24:38]}  Bc5 {[%clk 1:33:21]} 9. Nb3 {[%clk 1:25:04]}  Bb6 {[%clk 1:33:46]} 10. O-O {[%clk 1:25:29]}  d4 {[%clk 1:32:22]} 11. Na4 {[%clk 1:25:40]}  O-O {[%clk 1:32:45]} 12. Re1 {[%clk 1:18:33]}  h6 {[%clk 1:20:00]} 13. Bf4 {[%clk 1:07:28]}  Be6 {[%clk 1:05:27]} 14. Nbc5 {[%clk 1:05:46]}  Bd5 {[%clk 1:04:50]} 15. Nxb6 {[%clk 1:01:22]}  axb6 {[%clk 1:01:33]} 16. Nxb7 {[%clk 0:59:36]}  Qd7 {[%clk 0:57:24]} 17. e4 {[%clk 0:59:10]}  dxe3 {[%clk 0:51:21]} 18. Rxe3 {[%clk 0:58:00]}  Nb4 {[%clk 0:48:52]} 19. Nd6 {[%clk 0:55:01]}  Bxg2 {[%clk 0:44:29]} 20. Kxg2 {[%clk 0:55:02]}  Rad8 {[%clk 0:42:46]} 21. Rb3 {[%clk 0:33:34]}  Nbd5 {[%clk 0:36:27]} 22. Be5 {[%clk 0:29:57]}  Qe6 {[%clk 0:34:06]} 23. Qd4 {[%clk 0:28:46]}  Ng4 {[%clk 0:10:29]} 24. Rd1 {[%clk 0:23:44]}  Ne7 {[%clk 0:07:21]} 25. Bxg7 {[%clk 0:17:22]}  Nf5 {[%clk 0:07:48]} 26. Qf4 {[%clk 0:16:46]}  Nxg7 {[%clk 0:07:39]} 27. Rxb6 {[%clk 0:16:30]}  f5 {[%clk 0:05:06]} 28. h3 {[%clk 0:07:57]}  Ne5 {[%clk 0:05:10]} 29. Nc4 {[%clk 0:05:30]}  Qxc4 {[%clk 0:03:38]} 30. Rxd8 {[%clk 0:05:56]}  Rxd8 {[%clk 0:04:04]} 31. Qxe5 {[%clk 0:06:22]}  Rd1 {[%clk 0:03:18]} 32. Rb3 {[%clk 0:00:36]}  Qf1+ {[%clk 0:03:00]} 33. Kf3 {[%clk 0:01:05]}  Qh1+ {[%clk 0:02:51]} 34. Kf4 {[%clk 0:01:12]}  Rd5 {[%clk 0:02:42]} 0-1